000 00488nam a22001697a 4500
005 20251108173251.0
008 250721s2002 xx 000 0 ara d
082 1 4 _a411.4/عبد
100 1 _aعبد السلام، أيمن
245 1 0 _aموسوعة الخط العربي /
264 1 _aعمان :
_bدار أسامة للنشر والتوزيع،
_c2002.
300 _a232ص
650 1 7 _aالخط العربي
650 1 7 _aالتاريخ
942 _2ddc
_cBK
999 _c99921
_d99921